| 000 | 00499 a2200169 4500 | ||
|---|---|---|---|
| 999 |
_c7407 _d7407 |
||
| 020 | _a0582330750 (pbk.) : | ||
| 020 | _a0582330742 : | ||
| 050 | 0 | 0 | _aD411. COR 2011 |
| 100 | 1 |
_aCornwell, R. D. _eauthor |
|
| 245 | 1 | 0 |
_aWorld history in the twentieth century / _cR.D. Cornwell. |
| 264 |
_aHarlow : _bLongman., _c2000 |
||
| 300 |
_ax, 566 p. : _bill., maps, ports. ; |
||
| 500 | _aIncludes index. | ||
| 504 | _aBibliography: p. [552]-556. | ||
| 650 | 0 | _aHistory, Modern | |
| 942 |
_2lcc _cBK _h411 _iCOR _kD |
||